Mundo Chéjov /

El dramaturgo ruso Antón Chéjov escribió estas tres hermosas comedias breves: El pedido de mano, El aniversario y La boda. Este libro proponeun abordaje diferente a través del texto teatral, el guion y el storyboard. Después del teatro, el siglo xx asistió a la aparición de dos medios tecnológicos q...

Descripción completa

Guardado en:
Autor Principal: Pavlovich, Antón, 2018.
Formato: Libro
Idioma:Undetermined
Publicado: Buenos Aires : La estación, 2018.
Edición:1a ed.
Series:Los anotadores
Materias:
Etiquetas: Agregar Etiqueta
Sin Etiquetas, Sea el primero en etiquetar este registro!
LEADER 01242nam a22002295a 4500
001 CEM.cems025122
008 260414s2018####ag############000#0#und#d
005 20260414112730.0
245 1 0 |a Mundo Chéjov /  |c Antón Pavlovich, traducción de Fulvio Franchi. 
250 |a 1a ed. 
260 |a Buenos Aires :  |b La estación,  |c 2018. 
300 |a 112 p. ;  |c 14 cm. 
490 1 |a Los anotadores 
505 0 |a El pedido (teatro) -- EL aniversario (guion) -- La boda (storyboard) 
520 |a El dramaturgo ruso Antón Chéjov escribió estas tres hermosas comedias breves: El pedido de mano, El aniversario y La boda. Este libro proponeun abordaje diferente a través del texto teatral, el guion y el storyboard. Después del teatro, el siglo xx asistió a la aparición de dos medios tecnológicos que revolucionaron la cultura: el cine y la televisión. ¿Cómo se acerca el género dramático a estos medios? Mundo Chéjov parte de un clásico universal para explorar distintos géneros entre el libro y el escenario. 
020 |a 9789871935895 
100 1 |a Pavlovich, Antón,  |d 2018. 
082 0 4 |a 981.7 
653 |a Literatura clásica rusa 
653 |a Teatro 
653 |a Guion 
859 |a CEMS  |b BIB. CEMS - Agricultura  |h 891.7  |i P289  |p A4037.26  |t Ej.1